Assessment and management of alien species that threaten ecosystems, Habitats and species (Record no. 108502)

MARC details
000 -LEADER
fixed length control field 01797cam a2200349 a 4500
003 - CONTROL NUMBER IDENTIFIER
control field EG-GiCUC
008 - FIXED-LENGTH DATA ELEMENTS--GENERAL INFORMATION
fixed length control field 061002s2001 caua b i100 0 eng d
020 ## - INTERNATIONAL STANDARD BOOK NUMBER
International Standard Book Number 928072007
040 ## - CATALOGING SOURCE
Original cataloging agency EG-GiCUC
Language of cataloging eng
Transcribing agency EG-GiCUC
050 00 - LIBRARY OF CONGRESS CALL NUMBER
Classification number QH541.5.W3
Item number A3 2001
092 04 - LOCALLY ASSIGNED DEWEY CALL NUMBER (OCLC)
Classification number 577.6
Item number A8464
Edition number 21
099 ## - LOCAL FREE-TEXT CALL NUMBER (OCLC)
Classification number 04
-- 577.6 A8464
245 00 - TITLE STATEMENT
Title Assessment and management of alien species that threaten ecosystems, Habitats and species
260 ## - PUBLICATION, DISTRIBUTION, ETC.
Place of publication, distribution, etc. California:
Name of publisher, distributor, etc. UNEP;
Date of publication, distribution, etc. 2001
300 ## - PHYSICAL DESCRIPTION
Extent ix, 135 p. :
Other physical details col. ill. ;
Dimensions 30 cm.
440 #0 - SERIES STATEMENT/ADDED ENTRY--TITLE
Title CBD Technical seiies no.1
504 ## - BIBLIOGRAPHY, ETC. NOTE
Bibliography, etc. note Includes bibliographical references.
520 ## - SUMMARY, ETC.
Summary, etc. The use of alien species is a proven means to increase production and value from aquatic ecosystems. In the Mekong/Lanchang basin, alien species such as tilapia (Orechromis spp.) play an important role in providing cheap and readily available protein to rural and poor sectors. However, alien species are now recognized as one of the most significant threats to aquatic biodiversity. Several steps are necessary for effective use and control of alien species, but one of the most important was identified to be following codes of practice similar to that developed by the International Council for the Exploration of the Sea.
650 #0 - SUBJECT ADDED ENTRY--TOPICAL TERM
Topical term or geographic name entry element Aquatic ecology
Form subdivision Congresses.
650 #0 - SUBJECT ADDED ENTRY--TOPICAL TERM
Topical term or geographic name entry element Fishery management
Form subdivision Congresses.
650 #0 - SUBJECT ADDED ENTRY--TOPICAL TERM
Topical term or geographic name entry element Introduced organisms
Form subdivision Congresses.
650 #0 - SUBJECT ADDED ENTRY--TOPICAL TERM
Topical term or geographic name entry element Marine biological invasions
Form subdivision Congresses.
710 2# - ADDED ENTRY--CORPORATE NAME
Corporate name or jurisdiction name as entry element CBD
710 2# - ADDED ENTRY--CORPORATE NAME
Corporate name or jurisdiction name as entry element Secretariat of the convention on Biological Diversity.
710 2# - ADDED ENTRY--CORPORATE NAME
Corporate name or jurisdiction name as entry element UNEP
856 41 - ELECTRONIC LOCATION AND ACCESS
Materials specified Table of contents only
Uniform Resource Identifier <a href="http://www.loc.gov/catdir/toc/fy0703/2006484066.html">http://www.loc.gov/catdir/toc/fy0703/2006484066.html</a>
902 ## - LOCAL DATA ELEMENT B, LDB (RLIN)
No. of Items 1
905 ## - LOCAL DATA ELEMENT E, LDE (RLIN)
Cataloger Eman
Reviser Rev
905 ## - LOCAL DATA ELEMENT E, LDE (RLIN)
Cataloger Jamal
Reviser Cat
942 ## - ADDED ENTRY ELEMENTS (KOHA)
Source of classification or shelving scheme Dewey Decimal Classification
Koha item type Books
Holdings
Source of classification or shelving scheme Not for loan Home library Current library Date acquired Full call number Barcode Date last seen Copy number Koha item type
Dewey Decimal Classification   المكتبة المركزبة الجديدة - جامعة القاهرة قاعة المكتبات المهداة - الدور الرابع 11.02.2024 577.6 A8464 K.B. 01000113000270000 23.06.2024 C.1 Books
Cairo University Libraries Portal Implemented & Customized by: Eng. M. Mohamady Contacts: new-lib@cl.cu.edu.eg | cnul@cl.cu.edu.eg
CUCL logo CNUL logo
© All rights reserved — Cairo University Libraries
CUCL logo
Implemented & Customized by: Eng. M. Mohamady Contact: new-lib@cl.cu.edu.eg © All rights reserved — New Central Library
CNUL logo
Implemented & Customized by: Eng. M. Mohamady Contact: cnul@cl.cu.edu.eg © All rights reserved — Cairo National University Library